01322cam a22002058i 4500020003000000020004100030040000800071082002600079245003500105300004700140520065900187650000900846650007400855650004300929650006600972700002401038700002701062942001001089999001701099 a9780199385683 (paperback) a9780199385690 (instructor's edition) cDLC00a808 CCR 2007 C165 Or.00aFood :ba reader for writers / axxvii, 477 pages :billustrations ;c21 cm a"Food: A Reader for Writers is focused on the engaging theme of food and culture, including an interdisciplinary mix of pieces written in differing rhetorical styles and genres, and each chapter of the book will be punctuated by a recipe, poem, a blog excerpt, photograph, and/or vintage advertisement, providing both attractive and highly useful, additional pedagogical and learning opportunities. Developed for the first-year composition market, this reader will also provide students with the rhetorical knowledge and compositional skills to participate in the public conversations about human health, the environment, culture, travel, and politics"-- 0aFood 7aJUVENILE NONFICTION / Language Arts / Composition & Creative Writing. 7aLANGUAGE ARTS & DISCIPLINES / Readers. 7aLANGUAGE ARTS & DISCIPLINES / Composition & Creative Writing.1 aAquiline, Danielle,1 aHoldstein, Deborah H., cAEDBB c19329d19329